000 00397nam a2200133Ia 4500
008 220217s9999||||xx |||||||||||||| ||und||
020 _a81-8404-348-1
082 _a005.13 VEE
100 _aVeer, Vander, E. A and Grover, Chris
_95456
245 0 _aFlash CS3 the missing manual
260 _aShroff publishers and dist.Pvt.
_bMumbai
_c2007
300 _b500
650 _aPROGRAMMING LANGUAGE
999 _c176439
_d176439